Statistics for Countries of Europe in 1815 (with Map!)

Click here to take the quiz!

General Stats

  • This quiz has been taken 46,412 times
  • The average score is 21 of 44

Answers on the Map

Answers color-coded by a green-red scale on the quiz's map according to % correct below.
Loading ...
 

Answer Stats

Answer% Correct
Great Britain and Ireland
99%
Spanish Empire
99%
France
99%
Russian Empire
99%
Sweden
98%
Norway
98%
Portugal
98%
Denmark
96%
Netherlands
90%
Austrian Empire
88%
Ottoman Empire
87%
Swiss Confederation
82%
Luxembourg
76%
Prussia
76%
Two Sicilies
68%
Bavaria
61%
Sardinia
59%
Liechtenstein
51%
Republic of San Marino
49%
Monaco
48%
Hamburg
43%
Andorra
42%
Tuscany
41%
Papal States
39%
Saxe-Weimar-Eisenach
37%
Saxony
35%
Hanover
28%
Montenegro
28%
Frankfurt
27%
Bremen
26%
Baden
22%
Hesse
20%
Electorate of Hesse
19%
Württemberg
15%
Mecklenburg
15%
Cracow
14%
Parma
11%
Modena
10%
Anhalt
9%
Oldenburg
9%
Lucca
9%
Brunswick
7%
Nassau
6%
Hohenzollern
5%

Score Distribution

Percentile by Number Answered

Percent of People with Each Score

Your Score History

You have not taken this quiz